Hình tượng nhân vật nữ trọng truyện ngắn của Lỗ Tấn: Khóa luận tốt nghiệp ĐH
Giới thiệu hình tượng nhân vật nữ thể hiện trong quan niệm nghệ thuật về con người; Hình tượng nhân vật nữ nhìn từ phương diện nghệ thuật.
Đã lưu trong:
| Tác giả chính: | |
|---|---|
| Định dạng: | Sách |
| Năm xuất bản: |
Quảng Bình:
[K.đ],
2015
|
| Chủ đề: | |
| Tags: |
Thêm thẻ
Không có thẻ, Hãy là người đầu tiên gắn thẻ bản ghi này!
|
| LEADER | 00810nam a2200145 4500 | ||
|---|---|---|---|
| 082 | |a 895.13 |b L250TH | ||
| 100 | |a Lê Thị Mỹ Hảo | ||
| 245 | |a Hình tượng nhân vật nữ trọng truyện ngắn của Lỗ Tấn: |b Khóa luận tốt nghiệp ĐH |c Lê Thị Mỹ Hảo; Nguyễn Thị Quế Thanh hướng dẫn | ||
| 260 | |a Quảng Bình: |b [K.đ], |c 2015 | ||
| 300 | |a 73tr.; |c 29cm. | ||
| 520 | |a Giới thiệu hình tượng nhân vật nữ thể hiện trong quan niệm nghệ thuật về con người; Hình tượng nhân vật nữ nhìn từ phương diện nghệ thuật. | ||
| 653 | |a Truyện ngắn Trung Quốc | ||
| 942 | |2 ddc |c KL | ||
| 999 | |c 12375 |d 12375 | ||
| 952 | |0 0 |1 0 |2 ddc |4 0 |6 895_130000000000000_L250TH |7 0 |8 800 |9 105258 |a qbu |b qbu |c D1 |d 2016-01-26 |o 895.13 L250TH |p LA64.c1 |r 0000-00-00 |w 2016-01-26 |y KL | ||